Online
Catalog
Normal view MARC view

Entry Nombre personal

Number of records used in: 1

001 - NÚMERO DE CONTROL

  • campo de control: 57987

003 - IDENTIFICADOR DEL NÚMERO DE CONTROL

  • campo de control: OSt

005 - FECHA Y HORA DE LA ÚLTIMA TRANSACCIÓN

  • campo de control: 20200615034935.0

008 - DATOS DE LONGITUD FIJA

  • campo de control de longitud fija: 200615|| aca||aabn | a|a d

040 ## - FUENTE DE LA CATALOGACIÓN

  • Centro catalogador/agencia de origen: OSt
  • Centro/agencia transcriptor: OSt

100 ## - ENCABEZAMIENTO-NOMBRE DE PERSONA

  • Nombre de persona: Troncoso de la Concha, M. de J.,
  • Título de la obra: Discurso del presidente de la misma Dr. M. de J. Troncoso de la Concha

670 ## - FUENTE DE DATOS ENCONTRADOS

  • Cita de la fuente: Work cat.: (OSt)31235: República Dominicana. Presidente (1942-1952 : Trujillo Molina) 57164, Mensaje del honorable presidente Trujillo a la asamblea nacional ; y discurso del presidente de la misma Dr. M. de J. Troncoso de la Concha /, 1945.

Powered by Koha